Presidents with Unexpired Terms Quiz Stats

 Plays Quiz Updated Feb 23, 2016

Challenge
Share
Tweet
Embed
Score 0/9 Timer 02:00
0 Plays Today
President % Correct
Richard M. Nixon
97.2%
John F. Kennedy
96.9%
Abraham Lincoln
96.7%
Franklin Delano Roosevelt
89.1%
William McKinley
79.1%
William Henry Harrison
76.9%
James A. Garfield
74.8%
Zachary Taylor
59.2%
Warren G. Harding
57.5%

You're not logged in!

Compare scores with friends on all Sporcle quizzes.
Join for Free
OR
Log In

You Might Also Like...

Show Comments

Extras

Top Quizzes Today


Score Distribution

Your Account Isn't Verified!

In order to create a playlist on Sporcle, you need to verify the email address you used during registration. Go to your Sporcle Settings to finish the process.

Report this User

Report this user for behavior that violates our Community Guidelines.

Details: